000 00954nam a2200229Ia 4500
003 OSt
005 20200707104930.0
008 191128s1973 ck fr 000 0 spa d
040 _aCO-JMCR
_cCO-JMCR
041 0 _aspa
082 0 4 _a336.343 /
_bI431f
_223
100 1 _aInfante Villareal, Arturo,
_eautor
_96758
245 1 0 _aFunción y naturaleza del endeudamiento externo en Colombia /
_cArturo Infante Villareal
260 _aBogotá :
_bUniversidad de los Andes,
_c1973
300 _a47 páginas ;
_c22 cm.
490 0 _aCuadernos de Ciencia Política ;
_v3
505 0 _aLas importaciones de un país -- Las importaciones de Colombia -- Las exportaciones en Colombia -- La capacidad corriente para importar de Colombia -- La financiación de las importaciones colombianas -- La naturaleza del crédito externo
650 1 4 _aDeuda externa
_96752
650 1 4 _aDeuda pública externa
_96759
650 1 4 _aEndeudamiento
_96760
942 _2ddc
_cBK
999 _c5675
_d5675